| 000 | 00623nam a22002057a 4500 | ||
|---|---|---|---|
| 999 |
_c13823 _d13823 |
||
| 003 | AR-CdUCM | ||
| 008 | 190416b ||||| |||| 00| 0 spa d | ||
| 040 |
_aMUNICIPALIDAD PROVINCIAL DEL CUSCO _cBIBLIOTECA MUNICIPAL DEL CUSCO |
||
| 082 |
_a348.41 / _bT35 |
||
| 110 |
_aPerú _93560 |
||
| 245 |
_aTexto único concordado de la Ley de Reforma Agraria : _bDecreto ley n° 17716 / |
||
| 260 | _aLima : | ||
| 300 |
_a62 paginas ; _c20 cm. |
||
| 505 | _aContenido :Reforma agraria / | ||
| 650 |
_aReforma _94889 |
||
| 650 |
_aLey _97887 |
||
| 650 |
_aAgraria _921115 |
||
| 942 |
_2ddc _cFOLLETOS |
||
| 945 |
_arjall _d2019-04-16 |
||